=LDR 00000nam 2200000 4500 =001 INLIS000000000040963 =005 20130612150522 =008 ***********************************Ind** =035 ##$$0010-061300000040963 =041 ##$$a Ind =082 ##$$a 813 =090 ##$$a Howard,Linda =245 ##$$a COVER OF NIGHT, selimut malam =260 ##$$a 2009 $b Jakarta =300 ##$$a 520 hlm, 18 cm =700 ##$$a Julanda Tantani =850 ##$$a NBPNMAT =990 ##$$a 0001/BPAP-NTB/20142015